MARC details
| 000 -CABECERA |
| campo de control de longitud fija |
01428cas a2200409 a 4500 |
| 001 - NÚMERO DE CONTROL |
| campo de control |
000001025 |
| 005 - FECHA Y HORA DE LA ÚLTIMA TRANSACCIÓN |
| campo de control |
20200929145453.0 |
| 008 - DATOS DE LONGITUD FIJA--INFORMACIÓN GENERAL |
| campo de control de longitud fija |
750824d19741974fr brzp 0 b0fre d |
| 010 ## - NÚMERO DE CONTROL DE LA BIBLIOTECA DEL CONGRESO |
| Número de control de LC |
08006765 |
| 022 ## - NÚMERO INTERNACIONAL NORMALIZADO PARA PUBLICACIONES SERIADAS |
| Número Internacional Normalizado para Publicaciones Seriadas |
0010-6852 |
| 035 ## - NÚMERO DE CONTROL DEL SISTEMA |
| Número de control de sistema |
(OCoLC)ocm01564904 |
| 040 ## - FUENTE DE LA CATALOGACIÓN |
| Centro catalogador/agencia de origen |
DO-SdBNP |
| Centro/agencia transcriptor |
MnMULS |
| Centro/agencia modificador |
N< |
| -- |
OCoLC |
| -- |
AIP |
| -- |
NSDP |
| -- |
DLC |
| -- |
NST |
| -- |
DLC |
| -- |
NST |
| -- |
InU |
| -- |
DLC |
| -- |
OCoLC |
| 042 ## - CÓDIGO DE AUTENTICACIÓN |
| Código de autenticación |
nsdp |
| -- |
lc |
| 050 00 - SIGNATURA TOPOGRÁFICA DE LA BIBLIOTECA DEL CONGRESO |
| Número de clasificación |
NA2 |
| Número de documento/Ítem |
.C7 |
| 012 ## - |
| -- |
-3-7-0303010387-p-8605P |
| 210 0# - TÍTULO ABREVIADO |
| Título abreviado |
Constr. mod. |
| 222 #0 - TÍTULO CLAVE |
| Título clave |
Construction moderne |
| 245 03 - MENCIÓN DE TÍTULO |
| Título |
La Construction moderne. |
| 260 ## - PUBLICACIÓN, DISTRIBUCIÓN, ETC. |
| Lugar de publicación, distribución, etc. |
[Paris : |
| Nombre del editor, distribuidor, etc. |
Conseils, |
| Fecha de publicación, distribución, etc. |
-1974]. |
| 300 ## - DESCRIPCIÓN FÍSICA |
| Extensión |
80 v. : |
| Otras características físicas |
ill. ; |
| Dimensiones |
29-36 cm. |
| 310 ## - PERIODICIDAD ACTUAL |
| Periodicidad actual |
Bimonthly, |
| Fecha de comienzo de la periodicidad actual |
1959-1974 |
| 321 ## - PERIODICIDAD ANTERIOR |
| Periodicidad anterior |
Weekly, |
| Fechas de la periodicidad anterior |
1885-1939 |
| 321 ## - PERIODICIDAD ANTERIOR |
| Periodicidad anterior |
Monthly, |
| Fechas de la periodicidad anterior |
1945-1958 |
| 362 0# - FECHAS DE PUBLICACIÓN Y/O DESIGNACIÓN SECUENCIAL |
| Fecha de publicación y/o designación secuencial |
-sept.-dec. 1974. |
| 362 1# - FECHAS DE PUBLICACIÓN Y/O DESIGNACIÓN SECUENCIAL |
| Fecha de publicación y/o designación secuencial |
Began in Oct. 1885. |
| 500 ## - NOTA GENERAL |
| Nota general |
Imprint varies. |
| 500 ## - NOTA GENERAL |
| Nota general |
Description based on: Sept.-dec. 1974; title from cover. |
| 515 ## - NOTA DE PECULIARIDADES DE LA NUMERACIÓN |
| Nota de peculiaridades de la numeración |
Publication suspended Aug. 1914-Jan. 1919, and 1939-1945. |
| 590 ## - NOTA LOCAL (RLIN) |
| Nota local |
SERBIB/SERLOC merged record |
| 650 #0 - PUNTO DE ACCESO ADICIONAL DE MATERIA--TÉRMINO DE MATERIA |
| Término de materia o nombre geográfico como elemento de entrada |
Architecture |
| Subdivisión de forma |
Periodicals. |
| 9 (RLIN) |
3546 |
| 650 #0 - PUNTO DE ACCESO ADICIONAL DE MATERIA--TÉRMINO DE MATERIA |
| Término de materia o nombre geográfico como elemento de entrada |
Building |
| Subdivisión de forma |
Periodicals. |
| 9 (RLIN) |
3547 |
| 772 0# - ENLACE A LA PUBLICACIÓN PRINCIPAL |
| Título |
Recueil juridique C. m |
| Número de control del registro |
(DLC) 28000241 |
| 785 00 - ENTRADA/ENLACE A UN TÍTULO POSTERIOR |
| Título |
Construction moderne (Centre d'information de l'industrie cimentiere (France)) |
| Número de control del registro |
(DLC) 91650720 |
| -- |
(OCoLC)24062857 |
| 890 ## - |
| -- |
Construction moderne. |
| -- |
08-6765 |
| 910 ## - DATOS DE OPCIÓN DEL USUARIO (OCLC) |
| Datos de opción del usuario |
Catalogación por copia / LC |